Normal view
MARC view
Entry Personal Name
001 - CONTROL NUMBER
- control field: 44784
003 - CONTROL NUMBER IDENTIFIER
- control field: ARRUPE
005 - DATE AND TIME OF LATEST TRANSACTION
- control field: 20190219122243.0
008 - FIXED-LENGTH DATA ELEMENTS
- fixed length control field: 190219|| aca||aabn | a|a d
040 ## - CATALOGING SOURCE
- Original cataloging agency: ARRUPE
- Transcribing agency: ARRUPE
100 ## - HEADING--PERSONAL NAME
- Personal name: Auret, Diana
670 ## - SOURCE DATA FOUND
- Source citation: Work cat.: (ARRUPE)9397: Auret, Diana, Reaching for justice, 1992